000 00630nam a2200241Ia 4500
003 OSt
005 20221005021859.0
006 a|||||r|||| 00| 0
007 ta
008 221004b |||||||| |||| 00| 0 eng d
024 _a60417
037 _cTextual
040 _aCRL
_cCRL
_beng
041 _2eng
_aeng
082 _aV2:594'N9, M8
100 _aSharma Gautam
245 0 _aPath of glory
_b Exploits of the 11 Gorkha Riffles
260 _aAhmedabad
_bAllied
_c1988
300 _a278p.
_ccm.
650 _aHISTORY
942 _hV2:594'N9, M8
_cTEXL
_2cc
999 _c928303
_d928303